<?xml version="1.0" encoding="UTF-8"?>
<record
    xmlns:xsi="http://www.w3.org/2001/XMLSchema-instance"
    xsi:schemaLocation="http://www.loc.gov/MARC21/slim http://www.loc.gov/standards/marcxml/schema/MARC21slim.xsd"
    xmlns="http://www.loc.gov/MARC21/slim">

  <leader>02576cam a2200325 i 4500</leader>
  <controlfield tag="001">a38973837</controlfield>
  <controlfield tag="003">SIRSI</controlfield>
  <controlfield tag="005">20250702100849.0</controlfield>
  <controlfield tag="008">210810t20222022enk      b    001 0 eng d</controlfield>
  <datafield tag="020" ind1=" " ind2=" ">
    <subfield code="a">9781509543588</subfield>
  </datafield>
  <datafield tag="035" ind1=" " ind2=" ">
    <subfield code="a">(OCoLC)1263257944</subfield>
  </datafield>
  <datafield tag="040" ind1=" " ind2=" ">
    <subfield code="a">YDX</subfield>
    <subfield code="b">eng</subfield>
    <subfield code="e">rda</subfield>
    <subfield code="c">YDX</subfield>
    <subfield code="d">BDX</subfield>
    <subfield code="d">UKMGB</subfield>
    <subfield code="d">OCLCO</subfield>
    <subfield code="d">OCLCF</subfield>
    <subfield code="d">CDX</subfield>
    <subfield code="d">YDX</subfield>
    <subfield code="d">QGK</subfield>
    <subfield code="d">CIA</subfield>
    <subfield code="d">TOH</subfield>
    <subfield code="d">SHS</subfield>
    <subfield code="d">OCL</subfield>
    <subfield code="d">UtOrBLW</subfield>
  </datafield>
  <datafield tag="041" ind1=" " ind2=" ">
    <subfield code="a">eng</subfield>
  </datafield>
  <datafield tag="050" ind1=" " ind2="4">
    <subfield code="a">P96.D36</subfield>
    <subfield code="b">M66 2022</subfield>
  </datafield>
  <datafield tag="100" ind1=" " ind2=" ">
    <subfield code="a">Monaco, Nick</subfield>
    <subfield code="e">author</subfield>
    <subfield code="9">25615</subfield>
  </datafield>
  <datafield tag="245" ind1="1" ind2="0">
    <subfield code="a">Bots</subfield>
    <subfield code="c">/ Nick Monaco, Samuel Woolley.</subfield>
  </datafield>
  <datafield tag="260" ind1=" " ind2=" ">
    <subfield code="a">Cambridge, MA :</subfield>
    <subfield code="b">Polity Press,</subfield>
    <subfield code="c">2022.</subfield>
  </datafield>
  <datafield tag="300" ind1=" " ind2=" ">
    <subfield code="a">viii, 198 pages ;</subfield>
    <subfield code="c">22 cm.</subfield>
  </datafield>
  <datafield tag="490" ind1=" " ind2=" ">
    <subfield code="a">Digital media and society series</subfield>
  </datafield>
  <datafield tag="504" ind1=" " ind2=" ">
    <subfield code="a">Includes bibliographical references (pages 159-187) and index.</subfield>
  </datafield>
  <datafield tag="505" ind1="0" ind2=" ">
    <subfield code="a">What is a bot? &#x2014; Bots and social life &#x2014; Bots and political life &#x2014; Bots and commerce &#x2014; Bots and artificial intelligence &#x2014; Theorizing the bot &#x2014; Conclusion: The future of bots.</subfield>
  </datafield>
  <datafield tag="520" ind1="8" ind2=" ">
    <subfield code="a">Bots &#x2013; automated software applications programmed to perform tasks online &#x2013; have become a feature of our everyday lives, from helping us navigate online systems to assisting us with online shopping. Yet, despite enabling internet users, bots are increasingly associated with disinformation and concerning political intervention.

In this ground-breaking book, Monaco and Woolley offer the first comprehensive overview of the history of bots, tracing their varied applications throughout the past sixty years and bringing to light the astounding influence these computer programs have had on how humans understand reality, communicate with each other, and wield power. Drawing upon the authors' decade of experience in the field, this book examines the role bots play in politics, social life, business, and artificial intelligence. Despite bots being a fundamental part of the web since the early 1990s, the authors reveal how the socially oriented ones continue to play an integral role in online communication globally, especially as our daily lives become increasingly automated.

This timely book is essential reading for students and scholars in Media and Communication Studies, Sociology, Politics, and Computer Science, as well as general readers with an interest in technology and public affairs.</subfield>
  </datafield>
  <datafield tag="650" ind1=" " ind2="0">
    <subfield code="a">Mass media</subfield>
    <subfield code="x">Technological innovations</subfield>
    <subfield code="9">25616</subfield>
  </datafield>
  <datafield tag="650" ind1=" " ind2="0">
    <subfield code="a">Human-computer interaction</subfield>
    <subfield code="9">25617</subfield>
  </datafield>
  <datafield tag="650" ind1=" " ind2="0">
    <subfield code="a">Artificial Intelligence</subfield>
    <subfield code="9">14147</subfield>
  </datafield>
  <datafield tag="650" ind1=" " ind2="0">
    <subfield code="a">Application software</subfield>
    <subfield code="9">25618</subfield>
  </datafield>
  <datafield tag="650" ind1=" " ind2="0">
    <subfield code="a">Generators (Computer programs)</subfield>
    <subfield code="9">25619</subfield>
  </datafield>
  <datafield tag="700" ind1=" " ind2=" ">
    <subfield code="a">Woolley, Samuel C.</subfield>
    <subfield code="e">author</subfield>
    <subfield code="9">25620</subfield>
  </datafield>
  <datafield tag="942" ind1=" " ind2=" ">
    <subfield code="2">lcc</subfield>
  </datafield>
  <datafield tag="952" ind1=" " ind2=" ">
    <subfield code="0">0</subfield>
    <subfield code="1">0</subfield>
    <subfield code="2">lcc</subfield>
    <subfield code="4">0</subfield>
    <subfield code="7">0</subfield>
    <subfield code="a">TBS</subfield>
    <subfield code="b">TBS</subfield>
    <subfield code="d">2025-07-02</subfield>
    <subfield code="l">0</subfield>
    <subfield code="o">P96.D36 MON</subfield>
    <subfield code="p">B05803</subfield>
    <subfield code="r">2025-07-02</subfield>
    <subfield code="t">1</subfield>
    <subfield code="w">2025-07-02</subfield>
    <subfield code="y">1</subfield>
  </datafield>
  <datafield tag="999" ind1=" " ind2=" ">
    <subfield code="c">4806</subfield>
    <subfield code="d">4806</subfield>
  </datafield>
</record>
